Source Languages of English Words Quiz Stats

Quiz Updated Dec 6, 2013

Challenge
Share
Tweet
Embed
Score 0/30 Timer 08:00
0 Plays Today
Word Source language % Correct
BlitzkriegGerman
79%
BurritoMexican Spanish
76.4%
SputnikRussian
74.3%
KaraokeJapanese
67.5%
IglooInuit (Eskimo)
59.8%
Gung-hoChinese
55.3%
UkuleleHawaiian
52%
SinisterLatin
39.4%
KlutzYiddish
31%
SaunaFinnish
30.1%
DenimFrench
29.6%
BansheeIrish
29.1%
CorgiWelsh
28.3%
AssassinArabic
28.3%
KiwiMāori
28.1%
Word Source language % Correct
LambadaPortuguese
24.9%
AardvarkAfrikaans
24.5%
ElectricAncient Greek
22.7%
ChocolateNahuatl (Aztec)
18.8%
NirvanaSanskrit
16.6%
CheckmatePersian
13.4%
RobotCzech
13.2%
OrangutanMalay
12.9%
TungstenSwedish
12.2%
RaccoonPowhatan (Virginia Algonquian)
12%
CartoonItalian
9.2%
CurryTamil
8.7%
BrandyDutch
7.5%
BoondocksTagalog
3.6%
PalAngloromani (English Romany)
2.2%

You're not logged in!

Compare scores with friends on all Sporcle quizzes.
Join for Free
OR
Log In

You Might Also Like...

Show Comments

Extras

Top Quizzes Today


Score Distribution

Your Account Isn't Verified!

In order to create a playlist on Sporcle, you need to verify the email address you used during registration. Go to your Sporcle Settings to finish the process.

Report this User

Report this user for behavior that violates our Community Guidelines.

Details: